Beliebteste Zielländer des deutschen Flugverkehrs - Statistiken

Allgemein
  • Dieses Quiz wurde 209 mal gespielt
  • Das Durchschnittsergebnis liegt bei 12 aus 16
Antwortstatistiken
Passagiere Land % Korrekt
13.140.000 Spanien
100%
5.690.000 Italien
98%
5.190.000 Vereinigte Staaten
98%
3.120.000 Frankreich
92%
4.380.000 Griechenland
89%
9.920.000 Türkei
89%
5.540.000 Vereinigtes Königreich
88%
520.000 China
86%
1.220.000 Kanada
83%
1.840.000 Ägypten
75%
2.570.000 Österreich
73%
2.160.000 Schweiz
71%
490.000 Marokko
61%
690.000 Indien
57%
1.540.000 Vereinigte Arabische Emirate
53%
490.000 Israel
31%
Keine übereinstimmenden Quizze gefunden
Verteilung der Resultate
Anzahl Personen mit jedem Resultat
Perzentil nach korrekt beantworteten Fragen
Ihre Resultats-Entwicklung
Sie haben dieses Quiz noch nicht gespielt